Online Catalogue and eLibrary

The monk and the peasant : (Record no. 185)

MARC details
000 -LEADER
fixed length control field 00542nam a22001935a 4500
001 - CONTROL NUMBER
control field 51460
005 - DATE AND TIME OF LATEST TRANSACTION
control field 20240119012718.0
008 - FIXED-LENGTH DATA ELEMENTS--GENERAL INFORMATION
fixed length control field 940115s1993 ce a b 001 0 eng
020 ## - INTERNATIONAL STANDARD BOOK NUMBER
ISBN 9556101055
040 ## - CATALOGING SOURCE (பட்டியலாக்க மூலம்)
Original cataloging agency DLC
Transcribing agency DLC
082 ## - DDC Classification
DDC Edition Number 22
Class No. 305.8.
Item Number - Author Mark DIS.
100 1# - MAIN ENTRY--PERSONAL NAME
Personal name Disanayaka, J. B.
245 14 - TITLE STATEMENT
Title The monk and the peasant :
Remainder of title a study of the traditional Sinhalese village /
Statement of responsibility, etc. J.B. Disanayaka.
250 ## - EDITION STATEMENT
Edition statement 1st
260 ## - PUBLICATION, DISTRIBUTION, ETC.
Place of publication, distribution, etc. Colombo, Sri Lanka :
Name of publisher, distributor, etc. State Print. Corp.,
Date of publication, distribution, etc. 1993.
300 ## - PHYSICAL DESCRIPTION
Extent (e.g. Volumes, Pages etc.) 164 p. :
650 #0 - SUBJECT ADDED ENTRY--TOPICAL TERM
Topical term or geographic name entry element Sociology, Rural
942 ## - Koha item type (Biblio)
Koha item type Books in Stacks (Lending)
Holdings
Lost status Damaged status Collection code Home library Current library Date acquired Full call number Accession Number Item type
    Lending WERC Library WERC Library 01/19/2024 305.8. DIS. 3497 Books in Stacks (Lending)

© WERC Library